000 00557nam a22001697a 4500
999 _c526319
_d526319
003 NUST
038 _aMr. Zahoor
082 _a621.3
100 _aAzhar, Muhammad Raees Furquan
_917300
245 _aLower Order Controller Design Frequency Weighted Model Order Reduction Techniques /
_cMuhammad Raees Furquan Azhar
260 _aIslamabad :
_bCEME - NUST,
_c2018.
300 _ax, 59 p. : ill. ;
_c30cm.
_e+ CD.
500 _aHardcover.
650 _aElectrical Engineering - MS Thesis
_916073
700 _aDr. Muwahida Liaquat
_917301
942 _2ddc
_cTHE